[Event "Oceania zt (Women)"]
[Site "Cammeray"]
[Date "2015.07.07"]
[Round "6"]
[White "Dekic, Biljana N"]
[Black "Lane, Nancy"]
[Result "1/2-1/2"]
[WhiteElo "2059"]
[BlackElo "1913"]
[PlyCount "108"]
[EventDate "2015.07.04"]
[EventType "swiss"]
[EventRounds "9"]
[EventCountry "AUS"]
[SourceTitle "CBM 167 Extra"]
[Source "ChessBase"]
[SourceDate "2015.09.14"]
[SourceVersion "1"]
[SourceVersionDate "2015.09.14"]
[SourceQuality "1"]

1. e4 c5 2. Nf3 Nc6 3. d4 cxd4 4. Nxd4 Nf6 5. Nc3 e5 6. Ndb5 d6 7. Bg5 a6 8. Bxf6 gxf6 9. Na3 f5 10. Bd3 Qg5 11. g3 Rg8 12. Nd5 Rb8 13. c3 h5 14. h4 Qg6 15. Qe2 Bh6 16. exf5 Bxf5 17. Bxf5 Qxf5 18. Nc4 Rg6 19. Rd1 Rd8 20. Nce3 Bxe3 21. Qxe3 Kf8 22. 0-0 Qh3 23. Qe4 Rg4 24. Qg2 Qxg2+ 25. Kxg2 Ne7 26. Nf6 Rg6 27. Ne4 b6 28. f4 exf4 29. Rxf4 Kg7 30. Ng5 f5 31. Re1 Rd7 32. Ne6+ Kf7 33. Nd4 Rf6 34. Nf3 b5 35. Rd1 Nc6 36. c4 Re7 37. Rd2 Ne5 38. Ng5+ Kg6 39. cxb5 axb5 40. Re2 Rc7 41. Rd4 Rc5 42. Nh3 Nc6 43. Nf4+ Kh6 44. Rdd2 Ne5 45. b3 Rc6 46. Rd5 Rb6 47. Rc2 Rb8 48. Rd4 Ng4 49. Re2 Rc8 50. Nd5 Rf7 51. Rdd2 Ne5 52. Nb4 Rf6 53. Rd5 f4 54. gxf4 Ng6 1/2-1/2

[Event "Oceania zt (Women)"]
[Site "Cammeray"]
[Date "2015.07.05"]
[Round "3"]
[White "Timergazi, Layla"]
[Black "Dekic, Biljana N"]
[Result "0-1"]
[WhiteElo "2025"]
[BlackElo "2059"]
[PlyCount "78"]
[EventDate "2015.07.04"]
[EventType "swiss"]
[EventRounds "9"]
[EventCountry "AUS"]
[SourceTitle "CBM 167 Extra"]
[Source "ChessBase"]
[SourceDate "2015.09.14"]
[SourceVersion "1"]
[SourceVersionDate "2015.09.14"]
[SourceQuality "1"]

1. d4 Nf6 2. c4 e6 3. Nc3 Bb4 4. e3 0-0 5. Bd3 d5 6. Nge2 b6 7. 0-0 Bb7 8. b3 Nbd7 9. Bc2 Re8 10. Qd3 Rc8 11. Rd1 Nf8 12. a3 Be7 13. Bb2 Ng6 14. f3 c5 15. Kh1 Qc7 16. Nb5 Qb8 17. dxc5 Rxc5 18. Bd4 dxc4 19. bxc4 Rd8 20. Qc3 Rcc8 21. Bxg6 hxg6 22. Be5 Qa8 23. Nc7 Rxc7 24. Bxc7 Rc8 25. e4 Rxc7 26. Nd4 Ba6 27. Rac1 Rxc4 28. Qb3 Rxc1 29. Rxc1 Bc5 30. Nxe6 fxe6 31. Qxe6+ Kf8 32. Rxc5 bxc5 33. Qd6+ Kg8 34. Qxa6 Kh7 35. h3 Qb8 36. Qc4 Qe5 37. a4 a5 38. Kg1 Nh5 39. Kf1 Nf4 0-1

[Event "Olympiad Women-41"]
[Site "Tromsoe"]
[Date "2014.08.12"]
[Round "10.3"]
[White "Gao, Judy"]
[Black "Dekic, Biljana N"]
[Result "0-1"]
[WhiteElo "1947"]
[BlackElo "2048"]
[PlyCount "172"]
[EventDate "2014.08.02"]
[EventType "team-swiss"]
[EventRounds "11"]
[EventCountry "NOR"]
[SourceTitle "CBM 162"]
[Source "ChessBase"]
[SourceDate "2014.09.17"]
[SourceVersion "1"]
[SourceVersionDate "2014.09.17"]
[SourceQuality "1"]
[WhiteTeam "New Zealand (W)"]
[BlackTeam "Australia (W)"]
[WhiteTeamCountry "NZL"]
[BlackTeamCountry "AUS"]

1. d4 Nf6 2. Nf3 e6 3. Bf4 c5 4. e3 cxd4 5. exd4 b6 6. h3 Bb7 7. Nbd2 Be7 8. c3 d6 9. Be2 Nbd7 10. 0-0 0-0 11. Nc4 Qc7 12. a4 Rac8 13. Re1 Rfe8 14. Bd3 Nf8 15. Qe2 Qb8 16. Bh2 Red8 17. Nfd2 Qa8 18. f4 Ba6 19. f5 d5 20. Ne5 Bxd3 21. Qxd3 Qb7 22. Re2 Bd6 23. Rf1 Re8 24. g4 h6 25. Rg2 Re7 26. Bf4 Qc7 27. Qe3 N6h7 28. Qg3 Rd8 29. h4 f6 30. Nd3 e5 31. dxe5 fxe5 32. Bxh6 gxh6 33. Qe3 e4 34. f6 Rf7 35. Qxh6 exd3 36. g5 Bf4 37. Qh5 Qe5 38. Qg4 Bxd2 39. g6 Be3+ 40. Kh1 Nxf6 41. gxf7+ Kxf7 42. Rf5 Qxf5 43. Qxf5 d2 44. Qd3 Ne4 45. Qe2 Rd6 46. Qh5+ Ng6 47. Qh7+ Kf8 48. Qh5 Nf2+ 49. Rxf2+ Bxf2 50. Qh6+ Kf7 51. Qxd2 Bxh4 52. Qd3 Bf6 53. Qa6 Rd7 54. Qc8 Nf8 55. Kg2 d4 56. cxd4 Bxd4 57. b3 Bc5 58. Qa6 Ne6 59. Kh3 Kf6 60. Qf1+ Ke7 61. Qc4 a5 62. Qh4+ Ke8 63. Qh8+ Nf8 64. Qe5+ Kd8 65. Qf6+ Kc7 66. Qf4+ Rd6 67. Qf7+ Nd7 68. Kg4 Kc6 69. Kg3 Ne5 70. Qe8+ Kd5 71. Kf4 Rf6+ 72. Kg3 Kd4 73. Qb5 Rf3+ 74. Kg2 Rc3 75. Kf1 Rf3+ 76. Kg2 Ke4 77. Qe2+ Kf4 78. Qd2+ Be3 79. Qd6 Rf2+ 80. Kh3 Ke4 81. Kg3 Rd2 82. Qe7 Bc5 83. Qh7+ Kd4 84. Qh4+ Kc3 85. Qf6 Bd4 86. Qe6 Rd3+ 0-1

[Event "Olympiad Women-40"]
[Site "Istanbul"]
[Date "2012.09.09"]
[Round "11.4"]
[White "Dekic, Biljana N"]
[Black "Van Weersel, Arlette"]
[Result "0-1"]
[WhiteElo "2104"]
[BlackElo "2151"]
[PlyCount "104"]
[EventDate "2012.08.28"]
[EventType "team-swiss"]
[EventRounds "11"]
[EventCountry "TUR"]
[SourceTitle "CBM 150 Extra"]
[Source "ChessBase"]
[SourceDate "2012.10.19"]
[SourceVersion "1"]
[SourceVersionDate "2012.10.19"]
[SourceQuality "1"]
[WhiteTeam "Australia (W)"]
[BlackTeam "Netherlands (W)"]
[WhiteTeamCountry "AUS"]
[BlackTeamCountry "NED"]

1. e4 e5 2. Nf3 Nc6 3. Bb5 a6 4. Ba4 Nf6 5. 0-0 Be7 6. Re1 b5 7. Bb3 d6 8. c3 0-0 9. h3 Na5 10. Bc2 c5 11. d4 Qc7 12. a4 b4 13. Nbd2 Re8 14. d5 Bf8 15. c4 g6 16. b3 Nh5 17. Nf1 Bg7 18. Rb1 h6 19. Kh2 Bd7 20. Ng1 Rf8 21. Ne3 Rae8 22. Rf1 Qc8 23. g3 Nf6 24. f3 Kh7 25. Qe2 Qd8 26. Bd2 Nh5 27. Ng2 Kg8 28. Rbe1 f5 29. exf5 Bxf5 30. Bxf5 gxf5 31. g4 Nf6 32. Qd1 Nh7 33. Ne2 f4 34. Nc1 Bf6 35. Qc2 Kg7 36. Re2 Bh4 37. Be1 Bxe1 38. Rfxe1 e4 39. Rxe4 Ng5 40. Rxe8 Nxf3+ 41. Kh1 Rxe8 42. Rf1 Nd4 43. Qd3 f3 44. Nf4 Qg5 45. Nh5+ Kh8 46. Qd1 Qe3 47. Ng3 Naxb3 48. Nxb3 Qxb3 49. Qc1 Qe3 50. Qb1 Qd2 51. Rg1 Qc2 52. Qf1 f2 0-1

[Event "Olympiad Women-40"]
[Site "Istanbul"]
[Date "2012.09.05"]
[Round "8.4"]
[White "Dekic, Biljana N"]
[Black "Oliveira, Maria Ines"]
[Result "1/2-1/2"]
[WhiteElo "2104"]
[BlackElo "1927"]
[PlyCount "122"]
[EventDate "2012.08.28"]
[EventType "team-swiss"]
[EventRounds "11"]
[EventCountry "TUR"]
[SourceTitle "CBM 150 Extra"]
[Source "ChessBase"]
[SourceDate "2012.10.19"]
[SourceVersion "1"]
[SourceVersionDate "2012.10.19"]
[SourceQuality "1"]
[WhiteTeam "Australia (W)"]
[BlackTeam "Portugal (W)"]
[WhiteTeamCountry "AUS"]
[BlackTeamCountry "POR"]

1. e4 c5 2. Nf3 e6 3. d4 cxd4 4. Nxd4 Nc6 5. c4 Nf6 6. Nc3 d6 7. Be2 Be7 8. Be3 0-0 9. 0-0 a6 10. a3 Bd7 11. Qd2 Nxd4 12. Bxd4 Bc6 13. f3 Qb8 14. Rac1 Nd7 15. b4 b6 16. Kh1 Qa7 17. Rfd1 Rac8 18. Bf1 Rfd8 19. Qf2 Bf8 20. h3 Kh8 21. Bd3 Rb8 22. Bc2 Kg8 23. Bb3 Rdc8 24. Qg3 Re8 25. h4 Rbc8 26. Qf2 Rb8 27. h5 h6 28. Ba4 Bxa4 29. Nxa4 Qb7 30. Qg3 Rbc8 31. Qf2 Rb8 32. g4 b5 33. Nb2 Be7 34. Qe2 Rbc8 35. Kg2 Rc7 36. cxb5 axb5 37. Rxc7 Qxc7 38. Rd2 Qb7 39. Nd1 Qa6 40. Qd3 Rc8 41. Bb2 Nb6 42. Rc2 Nc4 43. Bc1 Rc6 44. Ra2 Ne5 45. Qe2 Rxc1 46. a4 Qb7 47. axb5 Rc4 48. Rb2 Bg5 49. Nf2 Qxb5 50. Nh3 Be7 51. Nf2 d5 52. exd5 Qxd5 53. b5 Rc7 54. b6 Rb7 55. Rb5 Bc5 56. Ne4 Nd7 57. Nxc5 Nxc5 58. Qc2 Qd3 59. Qxc5 Qe2+ 60. Kg3 Qe1+ 61. Kh2 Qe2+ 1/2-1/2

[Event "Olympiad Women-40"]
[Site "Istanbul"]
[Date "2012.09.03"]
[Round "6.4"]
[White "Perez, Dalila"]
[Black "Dekic, Biljana N"]
[Result "0-1"]
[WhiteElo "1760"]
[BlackElo "2104"]
[PlyCount "78"]
[EventDate "2012.08.28"]
[EventType "team-swiss"]
[EventRounds "11"]
[EventCountry "TUR"]
[SourceTitle "CBM 150 Extra"]
[Source "ChessBase"]
[SourceDate "2012.10.19"]
[SourceVersion "1"]
[SourceVersionDate "2012.10.19"]
[SourceQuality "1"]
[WhiteTeam "Paraguay (W)"]
[BlackTeam "Australia (W)"]
[WhiteTeamCountry "PAR"]
[BlackTeamCountry "AUS"]

1. d4 Nf6 2. Nf3 b6 3. Bf4 Bb7 4. e3 d6 5. h3 g6 6. Be2 Bg7 7. 0-0 Nbd7 8. Nbd2 0-0 9. c4 a5 10. a4 Re8 11. Re1 c5 12. Qb3 Rb8 13. Rad1 Qc7 14. Nb1 Ne4 15. Na3 Ba6 16. Nb5 Bxb5 17. Qxb5 Rbc8 18. Nd2 Nef6 19. Nb3 Qa7 20. Bf3 Nb8 21. Nc1 Na6 22. Na2 Red8 23. Qb3 Nb4 24. Nc3 Ne8 25. d5 Nc7 26. e4 Be5 27. Bxe5 dxe5 28. Bg4 Rb8 29. h4 h5 30. Bh3 Rd6 31. f4 exf4 32. e5 Rdd8 33. Rf1 Rf8 34. Rxf4 Rbd8 35. Ne4 b5 36. axb5 Ncxd5 37. cxd5 c4+ 38. Kh1 cxb3 39. Rdf1 Nd3 0-1

[Event "Oceania zt (Women)"]
[Site "Rotorua"]
[Date "2011.01.27"]
[Round "5"]
[White "Dekic, Biljana N"]
[Black "Tsoi, Nicole"]
[Result "1-0"]
[WhiteElo "2095"]
[BlackElo "1675"]
[PlyCount "103"]
[EventDate "2011.01.25"]
[EventType "tourn"]
[EventRounds "11"]
[EventCountry "NZL"]
[SourceTitle "EXT 2012"]
[Source "ChessBase"]
[SourceDate "2011.11.24"]
[SourceVersion "1"]
[SourceVersionDate "2011.11.24"]
[SourceQuality "1"]

1. e4 e6 2. d4 d5 3. e5 c5 4. c3 Nc6 5. Nf3 Bd7 6. Be2 f6 7. 0-0 Qc7 8. exf6 Nxf6 9. dxc5 Bxc5 10. Nbd2 e5 11. Nb3 Bd6 12. h3 h6 13. Nh2 0-0-0 14. Re1 Rhf8 15. Be3 Rf7 16. Bc5 Rdf8 17. Bxd6 Qxd6 18. Rf1 g5 19. Ng4 Nxg4 20. Bxg4 Bxg4 21. Qxg4+ Kb8 22. Rad1 Rf4 23. Qe2 Rd8 24. Rd2 Ne7 25. Re1 Re4 26. Qxe4 dxe4 27. Rxd6 Rxd6 28. Rxe4 Nc6 29. Re1 Kc7 30. g3 b6 31. Kg2 a5 32. Re2 Kd8 33. Nd2 Kc7 34. Ne4 Re6 35. f3 Ne7 36. Rd2 Nf5 37. Kf2 Ne7 38. Re2 Nc6 39. Nd2 Kc8 40. Ke1 Kc7 41. f4 gxf4 42. gxf4 Re7 43. f5 Rf7 44. Rf2 b5 45. Ne4 Ne7 46. f6 Kc6 47. fxe7 Rxe7 48. Rf6+ Kd5 49. Nd2 Re6 50. Rxe6 Kxe6 51. Ke2 Kf5 52. Kf3 1-0

[Event "Olympiad Women-39"]
[Site "Khanty-Mansiysk"]
[Date "2010.10.01"]
[Round "10.27"]
[White "Dekic, Biljana N"]
[Black "Mendoza Velazquez, Lorena Alejandra"]
[Result "1-0"]
[WhiteElo "2104"]
[BlackElo "2038"]
[PlyCount "101"]
[EventDate "2010.09.21"]
[EventType "team-swiss"]
[EventRounds "11"]
[EventCountry "RUS"]
[SourceTitle "CBM 139"]
[Source "ChessBase"]
[SourceDate "2010.11.18"]
[SourceVersion "1"]
[SourceVersionDate "2010.11.18"]
[SourceQuality "1"]
[WhiteTeam "Australia (W)"]
[BlackTeam "Mexico (W)"]
[WhiteTeamCountry "AUS"]
[BlackTeamCountry "MEX"]

1. e4 c5 2. Nf3 g6 3. d4 cxd4 4. Qxd4 Nf6 5. Nc3 Nc6 6. Qd1 Bg7 7. Be2 0-0 8. h3 d6 9. 0-0 h6 10. Be3 Be6 11. Qd2 Kh7 12. Nd4 d5 13. Nxe6 fxe6 14. exd5 exd5 15. Rad1 e6 16. Bc5 Rf7 17. f3 Rd7 18. Bd3 d4 19. Ne4 Nd5 20. Rde1 b6 21. Ba3 Ne3 22. Rf2 Ne5 23. b3 Rc8 24. f4 Nxd3 25. Qxd3 Rc6 26. Ree2 Rd5 27. Bc1 b5 28. a3 a5 29. Kh2 Qh4 30. Rf3 Ng4+ 31. Kg1 Nf6 32. Nxf6+ Qxf6 33. Bd2 a4 34. g4 Bf8 35. b4 Bg7 36. Kg2 Rc7 37. Be1 Rf7 38. Bg3 Kg8 39. Qe4 g5 40. f5 Rd8 41. fxe6 Qxf3+ 42. Qxf3 Rxf3 43. Kxf3 Bf6 44. Ke4 Kf8 45. Bc7 Rc8 46. Bd6+ Ke8 47. Bc5 Rc7 48. Rf2 Bg7 49. Rf5 Rb7 50. Kd5 Rc7 51. Rf3 1-0

[Event "Olympiad Women-38"]
[Site "Dresden"]
[Date "2008.11.20"]
[Round "7"]
[White "Hernandez Graterol, Zaida"]
[Black "Dekic, Biljana N"]
[Result "1-0"]
[WhiteElo "2039"]
[BlackElo "2103"]
[PlyCount "91"]
[EventDate "2008.11.13"]
[EventType "team-swiss"]
[EventRounds "11"]
[EventCountry "GER"]
[SourceTitle "CBM 128"]
[Source "ChessBase"]
[SourceDate "2009.01.28"]
[SourceVersion "1"]
[SourceVersionDate "2009.01.28"]
[SourceQuality "1"]
[WhiteTeam "Venezuela (W)"]
[BlackTeam "Australia (W)"]
[WhiteTeamCountry "VEN"]
[BlackTeamCountry "AUS"]

1. e4 c5 2. Nf3 d6 3. d4 cxd4 4. Nxd4 Nf6 5. Nc3 e6 6. Be2 a6 7. 0-0 Qc7 8. f4 b5 9. Bf3 Bb7 10. e5 Nfd7 11. Kh1 d5 12. f5 Nxe5 13. fxe6 f6 14. Nxd5 Bxd5 15. Bxd5 Ra7 16. Bf4 Bc5 17. c3 g6 18. Bg3 Ke7 19. Nf3 Bd6 20. Qe2 Nxf3 21. Qxf3 Rf8 22. Bh4 Be5 23. Bf2 Bd6 24. Bxa7 Qxa7 25. Rad1 Qc7 26. Qh3 h5 27. Qd3 f5 28. Qe3 Be5 29. Qg5+ Rf6 30. Qh6 Ke8 31. Bb3 Bxh2 32. a4 Bd6 33. Rd3 Be7 34. Rfd1 Nc6 35. Rd7 Qg3 36. Rxe7+ Nxe7 37. Qh8+ Rf8 38. Rd8+ Kxd8 39. Qxf8+ Kc7 40. Qxe7+ Kb8 41. Qd8+ Ka7 42. Qd4+ Kb7 43. a5 f4 44. Qe4+ Kc7 45. Qe5+ Kc8 46. e7 1-0

[Event "Olympiad Women-38"]
[Site "Dresden"]
[Date "2008.11.17"]
[Round "5"]
[White "Dekic, Biljana N"]
[Black "De Rosa, Mariagrazia"]
[Result "1-0"]
[WhiteElo "2103"]
[BlackElo "2083"]
[PlyCount "129"]
[EventDate "2008.11.13"]
[EventType "team-swiss"]
[EventRounds "11"]
[EventCountry "GER"]
[SourceTitle "CBM 128"]
[Source "ChessBase"]
[SourceDate "2009.01.28"]
[SourceVersion "1"]
[SourceVersionDate "2009.01.28"]
[SourceQuality "1"]
[WhiteTeam "Australia (W)"]
[BlackTeam "Italy (W)"]
[WhiteTeamCountry "AUS"]
[BlackTeamCountry "ITA"]

1. e4 c5 2. Nf3 d6 3. d4 cxd4 4. Nxd4 Nf6 5. Nc3 a6 6. Be2 e6 7. 0-0 Be7 8. f4 Qc7 9. Be3 0-0 10. Kh1 Nc6 11. Qe1 Nxd4 12. Bxd4 b5 13. a3 Bb7 14. Qg3 Bc6 15. Rae1 Qb7 16. Bd3 g6 17. Qh3 b4 18. axb4 Qxb4 19. Bxf6 Bxf6 20. e5 dxe5 21. fxe5 Qh4 22. Qxh4 Bxh4 23. Ra1 a5 24. Be4 Rfc8 25. Bxc6 Rxc6 26. Ra4 Bd8 27. Raf4 Ra7 28. Nb5 Rd7 29. c4 Rc5 30. Re4 Rd2 31. b3 h5 32. h3 Rd3 33. Ref4 Rxe5 34. Rxf7 Rf5 35. R7xf5 gxf5 36. Rf3 Rxf3 37. gxf3 Bb6 38. Kg2 f4 39. Kf1 Kf7 40. Nd6+ Kf6 41. Ne4+ Ke5 42. Ke2 Kd4 43. Kd2 Bd8 44. Nd6 Be7 45. Nb5+ Kc5 46. Kd3 Kb4 47. Nd4 Bf6 48. Nc6+ Kxb3 49. Nxa5+ Kb4 50. Nc6+ Kc5 51. Na7 Be5 52. Nb5 Bb8 53. Nc3 Be5 54. Ne4+ Kc6 55. Ng5 Kd7 56. Ke4 Bc7 57. Nf7 Ke7 58. Ne5 Kf6 59. Nd3 Kg5 60. c5 Bb8 61. c6 Bc7 62. Nc5 Kh4 63. Nxe6 Bd6 64. Nxf4 Bxf4 65. Kxf4 1-0

[Event "Olympiad Women-38"]
[Site "Dresden"]
[Date "2008.11.16"]
[Round "4"]
[White "Dekic, Biljana N"]
[Black "Avelar, Gabriela"]
[Result "1-0"]
[WhiteElo "2103"]
[BlackElo "2045"]
[PlyCount "93"]
[EventDate "2008.11.13"]
[EventType "team-swiss"]
[EventRounds "11"]
[EventCountry "GER"]
[SourceTitle "CBM 128"]
[Source "ChessBase"]
[SourceDate "2009.01.28"]
[SourceVersion "1"]
[SourceVersionDate "2009.01.28"]
[SourceQuality "1"]
[WhiteTeam "Australia (W)"]
[BlackTeam "El Salvador (W)"]
[WhiteTeamCountry "AUS"]
[BlackTeamCountry "ESA"]

1. e4 d6 2. d4 Nf6 3. Nc3 Nbd7 4. Nf3 e5 5. dxe5 dxe5 6. a3 c6 7. Bc4 b5 8. Bb3 Bc5 9. 0-0 0-0 10. h3 a5 11. Re1 Qc7 12. Be3 Bxe3 13. Rxe3 Nc5 14. Ba2 Be6 15. Bxe6 Nxe6 16. Ne2 Rfd8 17. Qe1 c5 18. Ng3 Nd4 19. Rc1 g6 20. c4 b4 21. Rd3 Nxf3+ 22. Rxf3 Kg7 23. Qe3 h6 24. h4 Rd4 25. h5 Rad8 26. Rxf6 Kxf6 27. Qxh6 Rg8 28. f4 exf4 29. Rf1 Qe5 30. hxg6 fxg6 31. Nh5+ Qxh5 32. Qxf4+ Kg7 33. Qf6+ Kh7 34. Rf3 Qxf3 35. gxf3 g5 36. Qe7+ Rg7 37. Qxc5 Rd1+ 38. Kg2 Rd2+ 39. Kg3 Rxb2 40. axb4 Rxb4 41. Qxa5 Rxc4 42. Qf5+ Kh8 43. Qh3+ Rh7 44. Qe6 Rcc7 45. Qe8+ Kg7 46. Kg4 Re7 47. Qxe7+ 1-0

[Event "Olympiad Women-38"]
[Site "Dresden"]
[Date "2008.11.15"]
[Round "3"]
[White "Plazaola, Maria de los Angele"]
[Black "Dekic, Biljana N"]
[Result "0-1"]
[WhiteElo "2126"]
[BlackElo "2103"]
[PlyCount "94"]
[EventDate "2008.11.13"]
[EventType "team-swiss"]
[EventRounds "11"]
[EventCountry "GER"]
[SourceTitle "CBM 128"]
[Source "ChessBase"]
[SourceDate "2009.01.28"]
[SourceVersion "1"]
[SourceVersionDate "2009.01.28"]
[SourceQuality "1"]
[WhiteTeam "Argentina (W)"]
[BlackTeam "Australia (W)"]
[WhiteTeamCountry "ARG"]
[BlackTeamCountry "AUS"]

1. e4 c5 2. Nf3 d6 3. d4 cxd4 4. Nxd4 Nf6 5. Nc3 a6 6. f3 e6 7. Be3 b5 8. g4 Bb7 9. Qd2 Nfd7 10. 0-0-0 Nb6 11. Qf2 N8d7 12. Bd3 Rc8 13. f4 Nc5 14. a3 Nxd3+ 15. Rxd3 Nc4 16. f5 e5 17. Nf3 Nxe3 18. Qxe3 Qc7 19. Rhd1 Be7 20. R1d2 h6 21. g5 hxg5 22. Nxg5 Rh5 23. Nf3 Rh3 24. Qg1 Bf8 25. Qg4 Rh6 26. Qg3 Bc6 27. Nd5 Bxd5 28. Rxd5 f6 29. R5d3 Qb7 30. Qe1 Rc4 31. Rd5 g5 32. b3 Rc3 33. Ng1 Qc7 34. Kb2 Rc5 35. R5d3 Be7 36. h3 Rh4 37. Rd5 Qb6 38. R2d3 Rc6 39. Qe3 Qxe3 40. Rxe3 Bd8 41. Re1 Bb6 42. Nf3 Rxh3 43. Rf1 g4 44. Ne1 Bd4+ 45. Kb1 Rh2 46. Kc1 g3 47. Kd1 g2 0-1

[Event "WMSG Rapid Team 1st (Women)"]
[Site "Beijing"]
[Date "2008.10.14"]
[Round "2"]
[White "Berlin, Tatiana"]
[Black "Dekic, Biljana N"]
[Result "1-0"]
[WhiteElo "2218"]
[BlackElo "2103"]
[PlyCount "158"]
[EventDate "2008.10.14"]
[EventType "team (rapid)"]
[EventRounds "9"]
[EventCountry "CHN"]
[SourceTitle "CBM 126 Extra"]
[Source "ChessBase"]
[SourceDate "2008.11.05"]
[SourceVersion "1"]
[SourceVersionDate "2008.11.05"]
[SourceQuality "1"]

1. e4 c5 2. Nc3 Nc6 3. f4 g6 4. Nf3 Bg7 5. Bc4 e6 6. 0-0 Nge7 7. d3 d5 8. Bb3 0-0 9. Qe1 Rb8 10. f5 dxe4 11. dxe4 exf5 12. e5 b5 13. a4 a6 14. Bg5 c4 15. Ba2 Be6 16. Rd1 Qc7 17. Bf6 h6 18. axb5 axb5 19. Qh4 Rfe8 20. Bxg7 Kxg7 21. Qf6+ Kh7 22. Rfe1 b4 23. Rd6 Ng8 24. Qh4 bxc3 25. Ng5+ Kg7 26. Nxe6+ Rxe6 27. Rxe6 fxe6 28. Qxc4 Qb6+ 29. Kh1 Na5 30. Qxc3 Ne7 31. h3 Rc8 32. Qa3 Rc7 33. c3 Nb7 34. b4 Qf2 35. Rc1 Nd5 36. Bxd5 exd5 37. Qb3 Qe3 38. Rd1 Qxc3 39. Qxd5 Qxb4 40. e6 Qc5 41. Qa2 Nd6 42. Qb2+ Kh7 43. Kh2 Re7 44. Qf6 Ne4 45. Qxe7+ Qxe7 46. Rd7 Kg8 47. Rxe7 Ng5 48. Re8+ Kg7 49. h4 Ne4 50. e7 Kf7 51. Rh8 Kxe7 52. Rxh6 Kf7 53. Rh7+ Kf6 54. h5 gxh5 55. Rxh5 Kg6 56. Rh8 Nf6 57. Kg3 Kg5 58. Ra8 Ne4+ 59. Kf3 Nf6 60. Ra7 Ne4 61. Rb7 Nd2+ 62. Ke3 Ne4 63. Ra7 Nc5 64. Ra5 Nb7 65. Rd5 Kf6 66. Kf4 Kg6 67. Rxf5 Nd8 68. Rd5 Ne6+ 69. Kg4 Kf6 70. Rd6 Ke7 71. Rxe6+ Kxe6 72. Kg5 Kf7 73. Kh6 Kg8 74. Kg6 Kf8 75. g3 Kg8 76. g4 Kf8 77. Kh7 Kf7 78. g5 Ke6 79. g6 Kd5 1-0

[Event "WMSG Blitz Team 1st (Women)"]
[Site "Beijing"]
[Date "2008.10.13"]
[Round "2"]
[White "Dekic, Biljana N"]
[Black "Marshall, Abby"]
[Result "0-1"]
[WhiteElo "2103"]
[BlackElo "2194"]
[PlyCount "87"]
[EventDate "2008.10.13"]
[EventType "team (blitz)"]
[EventRounds "11"]
[EventCountry "CHN"]
[SourceTitle "CBM 126 Extra"]
[Source "ChessBase"]
[SourceDate "2008.11.05"]
[SourceVersion "1"]
[SourceVersionDate "2008.11.05"]
[SourceQuality "1"]

1. e4 e5 2. Nf3 Nc6 3. Bb5 Nf6 4. 0-0 Bc5 5. c3 0-0 6. d4 Bb6 7. d5 Ne7 8. Bd3 d6 9. b4 h6 10. a4 a6 11. Nbd2 Ng6 12. Nb3 Bg4 13. h3 Bd7 14. c4 Qe7 15. Kh2 Nh5 16. g3 Nf6 17. Ba3 Nh7 18. Nbd2 f5 19. Qc2 f4 20. g4 Ng5 21. Nxg5 Qxg5 22. Nf3 Qe7 23. c5 Ba7 24. Rg1 Nh4 25. Nxh4 Qxh4 26. Rg2 f3 27. Rg3 Qg5 28. Bc1 Qe7 29. Qd1 dxc5 30. bxc5 Bxc5 31. Ra2 Rf6 32. Rxf3 Raf8 33. Rxf6 Rxf6 34. f3 Rf8 35. Kg3 h5 36. Bc4 Kh8 37. h4 hxg4 38. fxg4 Rf6 39. g5 Rg6 40. Qh5+ Kg8 41. d6+ Be6 42. dxe7 Bxc4 43. e8Q+ Bf8 44. Qhxg6 0-1

[Event "WMSG Blitz Team 1st (Women)"]
[Site "Beijing"]
[Date "2008.10.13"]
[Round "11"]
[White "Gunina, Valentina"]
[Black "Dekic, Biljana N"]
[Result "1-0"]
[WhiteElo "2381"]
[BlackElo "2103"]
[PlyCount "162"]
[EventDate "2008.10.13"]
[EventType "team (blitz)"]
[EventRounds "11"]
[EventCountry "CHN"]
[SourceTitle "CBM 126 Extra"]
[Source "ChessBase"]
[SourceDate "2008.11.05"]
[SourceVersion "1"]
[SourceVersionDate "2008.11.05"]
[SourceQuality "1"]

1. d4 Nf6 2. c4 e6 3. Nf3 b6 4. g3 Bb7 5. Bg2 d6 6. 0-0 Nbd7 7. Nc3 Be7 8. Qd3 c5 9. e4 cxd4 10. Nxd4 Nc5 11. Qe2 a6 12. b4 Ncd7 13. Bb2 0-0 14. Rac1 Rc8 15. Rfd1 Qc7 16. b5 a5 17. Nc6 Bxc6 18. bxc6 Nc5 19. Nb5 Qb8 20. e5 Ne8 21. exd6 Nxd6 22. c7 Rxc7 23. Nxd6 Rd7 24. Ne4 Rxd1+ 25. Rxd1 Nxe4 26. Qxe4 Qc7 27. Qe5 Qxe5 28. Bxe5 Rc8 29. Bf1 f6 30. Rd7 Bc5 31. Bd4 e5 32. Bxc5 Rxc5 33. Bg2 Kf8 34. Bd5 h5 35. Rf7+ Ke8 36. Rxg7 b5 37. Rb7 bxc4 38. Be4 c3 39. Rb1 Ke7 40. Kf1 Ke6 41. Ke2 f5 42. Bc2 e4 43. Ke3 Ke5 44. f4+ exf3 45. Kxf3 Rd5 46. Re1+ Kf6 47. Re3 Rd2 48. Rxc3 Rxh2 49. Rc6+ Ke5 50. a4 h4 51. gxh4 Rxh4 52. Rc5+ Kd6 53. Rxa5 f4 54. Rf5 Rh2 55. Be4 Ra2 56. a5 Ke6 57. Rb5 Kd6 58. Kxf4 Kc7 59. Ke5 Ra1 60. Kd4 Ra4+ 61. Kd5 Ra1 62. Rc5+ Kb8 63. Kc6 Ka7 64. Rh5 Rc1+ 65. Kb5 Rc7 66. Rh6 Re7 67. Ra6+ Kb8 68. Bd5 Re1 69. Ra8+ Kc7 70. Ra7+ Kd6 71. Bg2 Rb1+ 72. Ka6 Rb2 73. Rg7 Kc5 74. Ka7 Ra2 75. a6 Kb5 76. Rg5+ Kb4 77. Kb6 Kc4 78. a7 Rb2+ 79. Kc7 Kd4 80. a8Q Rc2+ 81. Kd6 Ke3 1-0

[Event "WMSG Blitz Team 1st (Women)"]
[Site "Beijing"]
[Date "2008.10.13"]
[Round "3"]
[White "Reppen, Ellisiv"]
[Black "Dekic, Biljana N"]
[Result "0-1"]
[WhiteElo "1910"]
[BlackElo "2103"]
[PlyCount "45"]
[EventDate "2008.10.13"]
[EventType "team (blitz)"]
[EventRounds "11"]
[EventCountry "CHN"]
[SourceTitle "CBM 126 Extra"]
[Source "ChessBase"]
[SourceDate "2008.11.05"]
[SourceVersion "1"]
[SourceVersionDate "2008.11.05"]
[SourceQuality "1"]

1. e4 c5 2. Nf3 d6 3. d4 cxd4 4. Nxd4 Nf6 5. Nc3 a6 6. h3 e6 7. Be3 Qc7 8. Qd2 b5 9. Bd3 Nbd7 10. Nb3 Nb6 11. 0-0 Nfd7 12. f4 Be7 13. f5 e5 14. Qf2 f6 15. a4 b4 16. Ne2 0-0 17. a5 Nc4 18. Bxc4+ Qxc4 19. Rac1 Qxe4 20. Ng3 Qb7 21. Nh5 Rf7 22. Nd2 d5 23. c3 0-1